[Event "ICS rated blitz match"]
[Site "204.178.125.65"]
[Date "2000.07.07"]
[Round "?"]
[White "RoFischer"]
[Black "Hossa"]
[Result "0-1"]
[WhiteElo "2135"]
[BlackElo "2500"]
[PlyCount "62"]
[EventDate "2000.??.??"]

1. e4 e5 2. Nf3 Nf6 3. Nc3 Bb4 4. d3 d5 5. exd5 Nxd5 6. Bd2 O-O 7. Be2 Nxc3 8.
bxc3 Ba3 9. O-O Nc6 10. h3 Qd6 11. Rb1 b6 12. Ng5 f6 13. Ne4 Qe7 14. Bf3 Rd8
15. Ng3 Qe8 16. Be4 Rb8 17. f4 Bc5+ 18. Kh1 Be6 19. Ra1 Bd5 20. Qf3 Qf7 21.
Rae1 a6 22. a4 b5 23. axb5 axb5 24. Nf5 Ra8 25. g4 Ra2 26. g5 Rxc2 27. Bc1 Bxe4
28. Qxe4 Qa2 29. Be3 Rh2+ 30. Kg1 Rxh3 31. Bxc5 Qh2# 0-1

[Event "ICS rated blitz match"]
[Site "204.178.125.65"]
[Date "2000.07.07"]
[Round "?"]
[White "Hossa"]
[Black "RoFischer"]
[Result "0-1"]
[WhiteElo "2509"]
[BlackElo "2126"]
[PlyCount "140"]
[EventDate "2000.??.??"]

1. d4 d5 2. c4 e6 3. g3 Nf6 4. Bg2 Be7 5. Nf3 O-O 6. c5 b6 7. cxb6 axb6 8. O-O
c5 9. Ne5 Nfd7 10. Nxd7 Qxd7 11. dxc5 bxc5 12. Bf4 Nc6 13. Nc3 Ba6 14. Qd2 Rfc8
15. b3 Bf6 16. Rfc1 Nd4 17. e4 Nb5 18. Nxb5 Bxb5 19. exd5 Bxa1 20. Rxa1 exd5
21. Qxd5 Qxd5 22. Bxd5 Bc6 23. Bg2 Bxg2 24. Kxg2 Ra6 25. a4 Rb6 26. Rb1 c4 27.
b4 c3 28. b5 c2 29. Rc1 Rc4 30. Ra1 Rb7 31. Be3 h5 32. h4 Rb4 33. Bd2 Rb1 34.
Ra2 c1=Q 35. Bxc1 Rxc1 36. Ra3 Rc4 37. a5 Rxb5 38. a6 Rc8 39. g4 hxg4 40. Kg3
Rb4 41. f4 gxf3 42. Kxf3 Ra8 43. Ra2 Rb6 44. a7 Rb7 45. Kg3 Rbxa7 46. Rb2 Ra3+
47. Kg4 R3a4+ 48. Kg3 Rc8 49. Rb3 Rcc4 50. h5 Rg4+ 51. Kf2 Raf4+ 52. Ke2 Rh4
53. Rb5 Rh3 54. Re5 Ra4 55. Kf1 Ra2 56. Kg1 Rc3 57. Re1 Rcc2 58. Rd1 Kh7 59.
Kf1 Kh6 60. Rb1 Kxh5 61. Kg1 g5 62. Rd1 Kh4 63. Rd4+ g4 64. Rd1 Kh3 65. Kf1 g3
66. Re1 Rf2+ 67. Kg1 Rg2+ 68. Kh1 Rh2+ 69. Kg1 Rag2+ 70. Kf1 Rh1# {
Hossa checkmated} 0-1

[Event "ICS rated blitz match"]
[Site "204.178.125.65"]
[Date "2000.07.07"]
[Round "?"]
[White "Hossa"]
[Black "Amateur"]
[Result "1/2-1/2"]
[WhiteElo "2480"]
[BlackElo "2589"]
[PlyCount "171"]
[EventDate "2000.??.??"]

1. d4 d5 2. c4 e6 3. e3 Nf6 4. Nf3 Nc6 5. Nc3 Bd7 6. cxd5 exd5 7. Bd3 Bd6 8.
O-O O-O 9. a3 Qe7 10. b3 a6 11. Qc2 Rae8 12. Bb2 Bg4 13. Nd2 Rd8 14. Rfe1 Qd7
15. f3 Bh5 16. Ne2 Qe6 17. Nf4 Bxf4 18. exf4 Qd6 19. f5 Qf4 20. g3 Qh6 21. Kh1
Rfe8 22. Bc3 Re3 23. Rf1 Nd7 24. Rac1 f6 25. Ba1 Ndb8 26. Rf2 Rde8 27. Bf1 Re1
28. Kg1 R1e3 29. b4 Rxa3 30. Bc3 Re3 31. Qb2 Ra4 32. f4 Nd7 33. b5 axb5 34.
Bxb5 Ra7 35. Bb4 Bg4 36. Nf1 Re4 37. Rxc6 bxc6 38. Bxc6 Nb6 39. Bc5 Bxf5 40.
Bxb6 cxb6 41. Qxb6 Rae7 42. Qb8+ Kf7 43. Bxd5+ Kg6 44. Bxe4 Rxe4 45. g4 Bxg4
46. f5+ Bxf5 47. Rxf5 Kxf5 48. Ng3+ Kg4 49. Nxe4 Kf3 50. Qg3+ Kxe4 51. Qg4+ Qf4
52. Qxg7 Qg5+ 53. Qxg5 fxg5 54. Kg2 h5 55. Kg3 Kxd4 56. Kf3 Ke5 57. Kg3 Ke4 58.
Kh3 Kf4 59. Kg2 Kg4 60. Kf2 h4 61. Kg2 h3+ 62. Kf2 Kf5 63. Kg3 g4 64. Kf2 Kf4
65. Kg1 Kf3 66. Kh1 Ke3 67. Kg1 Ke2 68. Kh1 Kd2 69. Kg1 Ke3 70. Kh1 Kd3 71. Kg1
Ke4 72. Kf2 Kf5 73. Kg3 Kg5 74. Kf2 Kg6 75. Kg3 Kh5 76. Kf2 Kg5 77. Kg3 Kf5 78.
Kf2 Kf4 79. Kg1 Kf3 80. Kh1 Ke2 81. Kg1 Kd3 82. Kf2 Ke4 83. Kg1 Ke5 84. Kf2 Ke6
85. Kg3 Kf5 86. Kf2 1/2-1/2

[Event "ICS rated blitz match"]
[Site "204.178.125.65"]
[Date "2000.07.07"]
[Round "?"]
[White "Tinker"]
[Black "Hossa"]
[Result "0-1"]
[WhiteElo "2501"]
[BlackElo "2485"]
[PlyCount "156"]
[EventDate "2000.??.??"]

1. e4 e5 2. Nf3 Nf6 3. Nc3 Bb4 4. Qe2 O-O 5. Qc4 Bxc3 6. dxc3 d6 7. Bd2 Na6 8.
O-O-O Nc5 9. Ng5 h6 10. Be3 b6 11. Bxc5 bxc5 12. Nf3 Be6 13. Qd3 a5 14. c4 Qb8
15. Nd2 a4 16. f3 Qb7 17. Nb1 Rfb8 18. Qc3 Ra6 19. Rd2 Rb6 20. b3 Ra6 21. Qe3
Nh5 22. Nc3 axb3 23. cxb3 Rb6 24. Nd5 Bxd5 25. Rxd5 Nf4 26. Rd2 Ne6 27. Bd3 Nd4
28. Kd1 Ra8 29. Ke1 Rba6 30. Bb1 Qc8 31. Kf2 Qd8 32. Rhd1 Qe7 33. Kg1 Qh4 34.
Qf2 Qf6 35. Bd3 Qg5 36. Rb2 R6a7 37. a4 Rb7 38. Rdb1 c6 39. Be2 Rab8 40. Bd1
Rb4 41. Qe1 f5 42. Kh1 Rf8 43. exf5 Qxf5 44. Qh4 Qd3 45. Qf2 Rfb8 46. Qe1 Qg6
47. Qe3 Qf5 48. Qc3 Rf8 49. Bc2 Qg5 50. Be4 Rfb8 51. Qd3 Kh8 52. Kg1 Rf8 53. a5
g6 54. a6 Rb6 55. a7 Ra6 56. Rf2 Rxa7 57. Bxg6 d5 58. f4 Rxf4 59. Rxf4 exf4 60.
Re1 Ra2 61. g3 fxg3 62. hxg3 Rb2 63. Re8+ Kg7 64. Qe3 Qxe3+ 65. Rxe3 Kxg6 66.
cxd5 cxd5 67. g4 Rxb3 68. Rxb3 Nxb3 69. Kf2 Kg5 70. Ke2 Nd4+ 71. Kd3 Kxg4 72.
Kd2 Kf3 73. Ke1 h5 74. Kf1 Ne2 75. Ke1 h4 76. Kd1 h3 77. Kc2 h2 78. Kb3 Ke3 {
Tinker resigns} 0-1

[Event "ICS rated blitz match"]
[Site "204.178.125.65"]
[Date "2000.07.07"]
[Round "?"]
[White "Amateur"]
[Black "Hossa"]
[Result "0-1"]
[WhiteElo "2588"]
[BlackElo "2502"]
[PlyCount "146"]
[EventDate "2000.??.??"]

1. e4 e5 2. Nf3 Nf6 3. Nc3 Bb4 4. Nxe5 Qe7 5. Nd3 Bxc3 6. dxc3 Qxe4+ 7. Qe2 O-O
8. Qxe4 Nxe4 9. Bf4 d6 10. O-O-O Re8 11. Re1 Re6 12. Be2 Nc6 13. h4 Nf6 14. h5
Bd7 15. h6 Rae8 16. Kd1 g6 17. Bf3 Ng4 18. Rxe6 Bxe6 19. Re1 f5 20. c4 Nf6 21.
b3 Ne4 22. Be3 b6 23. Nf4 Kf7 24. Nh3 Kg8 25. Ng5 Nb4 26. a3 Na2 27. Nxe6 Rxe6
28. Bd4 Nec3+ 29. Kd2 Rxe1 30. Kxe1 Kf7 31. Bg7 Nb1 32. Bd5+ Ke7 33. a4 Nbc3
34. Bg8 Ne4 35. f4 Ng3 36. Bh8 Kf8 37. Bxh7 Kf7 38. Kf2 Ne4+ 39. Kf3 Nd2+ 40.
Ke3 Nf1+ 41. Ke2 Nh2 42. Bg7 Ng4 43. Kd2 Nb4 44. c3 Nc6 45. a5 Nxa5 46. b4
Nxc4+ 47. Ke2 c6 48. g3 a5 49. bxa5 bxa5 50. Kd3 d5 51. Kd4 a4 52. Bh8 Nxh6 53.
g4 Nxg4 54. Kd3 a3 55. Be5 Ngxe5+ 56. fxe5 Nxe5+ 57. Kc2 Nc4 58. Kb1 f4 59.
Bg8+ Kxg8 60. Ka2 g5 61. Kb3 g4 62. Kb4 a2 63. Kc5 a1=Q 64. Kxc6 Ne3 65. c4
Qf6+ 66. Kb5 dxc4 67. Kc5 Kf8 68. Kb5 Qf5+ 69. Kb4 Ke7 70. Kc3 Qa5+ 71. Kb2
Qd2+ 72. Kb1 c3 73. Ka1 Qb2# {Amateur checkmated} 0-1

[Event "ICS rated blitz match"]
[Site "204.178.125.65"]
[Date "2000.07.07"]
[Round "?"]
[White "Hossa"]
[Black "Amateur"]
[Result "0-1"]
[WhiteElo "2522"]
[BlackElo "2568"]
[PlyCount "114"]
[EventDate "2000.??.??"]

1. d4 Nf6 2. c4 c5 3. d5 e6 4. Nc3 exd5 5. cxd5 d6 6. e4 g6 7. Nf3 Bg7 8. Nd2
O-O 9. Be2 Re8 10. O-O Nbd7 11. f3 Ne5 12. Nc4 Nxc4 13. Bxc4 a6 14. Be3 Bd7 15.
Bd3 b5 16. Qd2 Nh5 17. g4 Nf6 18. Bh6 Bxh6 19. Qxh6 c4 20. Bc2 Qb6+ 21. Kh1 b4
22. Nd1 Qd4 23. Rc1 c3 24. bxc3 bxc3 25. Ne3 Bb5 26. Rfd1 Qe5 27. Re1 a5 28.
Rb1 Reb8 29. a4 Ba6 30. Rb3 Rb4 31. Reb1 Be2 32. Kg2 Rab8 33. Kf2 Ba6 34. Kg1
Rxb3 35. Rxb3 Rxb3 36. Bxb3 Qd4 37. Bc2 Nd7 38. Kg2 Qd2+ 39. Kg3 Ne5 40. Qf4
Qe1+ 41. Kg2 Be2 42. Kh3 Qf2 43. g5 Nxf3 44. Qg3 Qxe3 45. Kg2 Qg1+ 46. Kh3
Nxg5+ 47. Kh4 Nf3+ 48. Kh3 Bf1+ 49. Kg4 Qe3 50. Qf4 h5+ 51. Kg3 h4+ 52. Kg4
Bh3+ 53. Kxh3 Qxf4 54. Kg2 Ne1+ 55. Kh3 Qf3+ 56. Kxh4 Ng2+ 57. Kg5 Qf4# {
Hossa checkmated} 0-1

[Event "ICS rated blitz match"]
[Site "204.178.125.65"]
[Date "2000.07.07"]
[Round "?"]
[White "KevinEM"]
[Black "Hossa"]
[Result "0-1"]
[WhiteElo "2229"]
[BlackElo "2508"]
[PlyCount "94"]
[EventDate "2000.??.??"]

1. e4 e5 2. Nf3 Nf6 3. Nxe5 d6 4. Nf3 Nxe4 5. Qe2 Qe7 6. d3 Nf6 7. Bg5 Qxe2+ 8.
Bxe2 Be7 9. Nbd2 Nc6 10. O-O O-O 11. a3 Re8 12. Rfe1 h6 13. Bh4 g5 14. Bg3 g4
15. Nh4 Nh5 16. f3 Nxg3 17. hxg3 d5 18. c3 Bc5+ 19. d4 Nxd4 20. cxd4 Bxd4+ 21.
Kf1 Bxb2 22. Bb5 Rxe1+ 23. Rxe1 Bxa3 24. Re8+ Kg7 25. Nf5+ Kf6 26. Ne3 c6 27.
Bd3 gxf3 28. Nxf3 Bc5 29. Ke2 Bxe3 30. Kxe3 b6 31. Rd8 Ke7 32. Rh8 c5 33. Rxh6
Bd7 34. Ne5 Be6 35. Nf3 Rd8 36. Rh1 d4+ 37. Kf4 c4 38. Be4 d3 39. Ke3 Rg8 40.
Kf2 Rg4 41. Bb7 Kd6 42. Rc1 Bd5 43. Ba6 Re4 44. Ng5 Re2+ 45. Kf1 Bxg2+ 46. Kg1
d2 47. Nxf7+ Ke7 {KevinEM resigns} 0-1

[Event "ICS Rated blitz match"]
[Site "204.178.125.65"]
[Date "2000.07.07"]
[Round "?"]
[White "Koibito"]
[Black "Hossa"]
[Result "1-0"]
[WhiteElo "2697"]
[BlackElo "2514"]
[PlyCount "161"]
[EventDate "2000.??.??"]

1. e4 e5 2. Nf3 Nf6 3. Qe2 Bc5 4. Nxe5 O-O 5. c3 d6 6. Nf3 Nxe4 7. d4 Re8 8.
dxc5 Nxf2 9. Kxf2 Rxe2+ 10. Bxe2 dxc5 11. Rd1 Bd7 12. Bf4 Nc6 13. Bc4 Qc8 14.
Nbd2 Be6 15. Bxe6 fxe6 16. Kg1 Qd7 17. Ne4 Qf7 18. Bg3 Qf5 19. Re1 Rc8 20. Rad1
c4 21. Rd2 h6 22. Nf2 Qa5 23. a3 Qf5 24. Rde2 Qb5 25. Nd1 Qc5+ 26. Kh1 Nd8 27.
Nd4 a6 28. Re5 Qe7 29. Ne3 b5 30. Nd5 Qd7 31. Nf4 Qf7 32. Nfxe6 Nxe6 33. Rxe6
c5 34. Nf3 Ra8 35. Re7 Qf6 36. R1e6 Qf5 37. Be5 Ra7 38. Re8+ Kh7 39. Rxh6+ Kxh6
40. Rh8+ Qh7 41. Bf4+ Kg6 42. Ne5+ Kf5 43. Rxh7 Kxf4 44. Rh5 g5 45. Nf3 Rg7 46.
Rh6 g4 47. Ng1 Rd7 48. Rxa6 Rd2 49. a4 Rxb2 50. Ra5 Ra2 51. Rxb5 Rxa4 52. Rxc5
Ke4 53. Rg5 Kf4 54. Rd5 Ke4 55. Rd4+ Kf5 56. h3 gxh3 57. g4+ Kf6 58. Kh2 Ke6
59. Kxh3 Ra1 60. Nf3 Rc1 61. Rxc4 Kd5 62. Rd4+ Ke6 63. c4 Rc2 64. Re4+ Kf7 65.
Rf4+ Ke7 66. g5 Ra2 67. g6 Ra8 68. g7 Rg8 69. Nd4 Kd6 70. Rf8 Rxg7 71. Nf5+ Kc6
72. Nxg7 Kd6 73. c5+ Kc6 74. Rf5 Kb5 75. c6+ Kc4 76. c7 Kd3 77. c8=Q Ke2 78.
Qc4+ Kd2 79. Rf2+ Ke3 80. Re2+ Kf3 81. Qg4# {Hossa checkmated} 1-0

[Event "ICS rated blitz match"]
[Site "204.178.125.65"]
[Date "2000.07.07"]
[Round "?"]
[White "Hossa"]
[Black "ulun"]
[Result "1-0"]
[WhiteElo "2511"]
[BlackElo "1872"]
[PlyCount "57"]
[EventDate "2000.??.??"]

1. d4 f5 2. g3 Nf6 3. Bg2 g6 4. c4 Bg7 5. Nc3 O-O 6. Nf3 d6 7. O-O Nc6 8. d5
Ne5 9. Nxe5 dxe5 10. Bg5 Ng4 11. e4 h6 12. exf5 gxf5 13. Bd2 e4 14. Qc1 Kh7 15.
Qc2 a6 16. Ne2 e5 17. dxe6 Bxe6 18. Nf4 Qe8 19. Rad1 Qf7 20. Nxe6 Qxe6 21. Bf4
Qf7 22. f3 exf3 23. Bxf3 Ne5 24. Bxb7 Rad8 25. Rxd8 Rxd8 26. Bxe5 Bxe5 27. Rxf5
Bd4+ 28. Kf1 Qg6 29. Rf7+ {ulun resigns} 1-0

[Event "ICS rated blitz match"]
[Site "204.178.125.65"]
[Date "2000.07.07"]
[Round "?"]
[White "ulun"]
[Black "Hossa"]
[Result "0-1"]
[WhiteElo "1871"]
[BlackElo "2512"]
[PlyCount "96"]
[EventDate "2000.??.??"]

1. e4 c5 2. c4 Nc6 3. Nc3 d6 4. g3 Nf6 5. Bg2 Nd4 6. Nge2 Bg4 7. h3 Bf3 8. Bxf3
Nxf3+ 9. Kf1 g5 10. Kg2 Ne5 11. d4 cxd4 12. Nxd4 h6 13. b3 Qd7 14. Bb2 O-O-O
15. Qe2 g4 16. h4 e6 17. Rhd1 Qe7 18. Rac1 Kb8 19. Nc2 Bg7 20. Nb5 Nf3 21. Ncd4
Nd7 22. Ba3 Nc5 23. Bxc5 Nxh4+ 24. gxh4 dxc5 25. Nc2 a6 26. Nba3 Qxh4 27. Rh1
Qg5 28. Rcd1 f5 29. exf5 exf5 30. Rxd8+ Rxd8 31. Rd1 Rc8 32. Rd5 Bb2 33. Qd3
Qc1 34. Qxf5 Bxa3 35. Nxa3 Qxa3 36. Qxg4 Qxa2 37. Qg3+ Ka8 38. Rd6 h5 39. Rg6
Qe2 40. Rg8 Rxg8 41. Qxg8+ Ka7 42. Qg3 Qd1 43. Qf3 Qxf3+ 44. Kxf3 b5 45. Kg2
bxc4 46. bxc4 Kb6 47. f4 Kc6 48. Kf3 Kd6 {ulun resigns} 0-1

[Event "ICS rated blitz match"]
[Site "204.178.125.65"]
[Date "2000.07.07"]
[Round "?"]
[White "Hossa"]
[Black "ulun"]
[Result "1-0"]
[WhiteElo "2513"]
[BlackElo "1870"]
[PlyCount "77"]
[EventDate "2000.??.??"]

1. d4 Nf6 2. c4 g6 3. Nc3 Bg7 4. e4 O-O 5. Bg5 d6 6. f3 Nbd7 7. Nge2 e5 8. Qc2
h6 9. Bh4 g5 10. Bf2 c6 11. h4 g4 12. O-O-O Qe7 13. Ng3 exd4 14. Nf5 Qe6 15.
Bxd4 Bh8 16. Nxh6+ Kh7 17. Nxg4 Nxg4 18. fxg4 Bxd4 19. Rxd4 Ne5 20. Qd2 Qxg4
21. Rxd6 Be6 22. b3 Qg8 23. Qf4 Ng6 24. Qf3 Rad8 25. Rxd8 Rxd8 26. Kc2 Qg7 27.
h5 Ne5 28. Qf2 b6 29. Qh4 f6 30. Kb1 Rd2 31. h6 Qd7 32. Qxf6 Rd1+ 33. Kb2 Rd2+
34. Kc1 Nd3+ 35. Kxd2 Nf2+ 36. Bd3 Qxd3+ 37. Ke1 Qe3+ 38. Ne2 Nd3+ 39. Kf1 {
ulun resigns} 1-0

[Event "ICS rated blitz match"]
[Site "204.178.125.65"]
[Date "2000.07.07"]
[Round "?"]
[White "JZInsomniac"]
[Black "Hossa"]
[Result "1-0"]
[WhiteElo "2770"]
[BlackElo "2514"]
[PlyCount "141"]
[EventDate "2000.??.??"]

1. e4 c5 2. Nf3 Nc6 3. d4 cxd4 4. Nxd4 Qb6 5. Nb3 Nf6 6. Nc3 e6 7. Bd3 Bb4 8.
Bd2 O-O 9. O-O Ne5 10. Be2 d5 11. Na4 Qd6 12. f4 Bxd2 13. Nxd2 Ned7 14. e5 Qc6
15. exf6 Qxa4 16. fxg7 Qd4+ 17. Rf2 Qxg7 18. c3 Nf6 19. Qc2 Bd7 20. Re1 Ng4 21.
Rf3 f5 22. Rg3 Qh6 23. Bxg4 fxg4 24. Rxg4+ Kh8 25. Re3 e5 26. Rg5 Rxf4 27.
Rgxe5 Raf8 28. Qd3 Qg7 29. Re7 R8f7 30. Rxf7 Qxf7 31. Qe2 Qf6 32. Re7 Bb5 33.
Qe1 Bc6 34. Rc7 Rg4 35. Rc8+ Rg8 36. Rxg8+ Kxg8 37. Nf3 Qf4 38. h4 Qe4 39. Qg3+
Kf8 40. Ng5 Qe7 41. Qg4 a5 42. Ne6+ Ke8 43. h5 Kd7 44. Nd4+ Kc7 45. Qf4+ Kb6
46. Qf2 Kc7 47. b3 Bd7 48. Nf3 a4 49. Qg3+ Kb6 50. Nd4 Be8 51. h6 Bd7 52. Qf2
Kc7 53. Qf4+ Kb6 54. Qd2 axb3 55. axb3 Bg4 56. Qf2 Bd1 57. Kf1 Kc7 58. Qf4+ Kb6
59. Qf5 Kc5 60. Qd3 Qf7+ 61. Kg1 Bg4 62. b4+ Kb6 63. Qe3 Qg6 64. Qe7 Ka7 65.
Nb5+ Ka6 66. Nd6 Bc8 67. Qd8 Qb1+ 68. Kh2 Qa1 69. Qxc8 Qg1+ 70. Kxg1 d4 71.
Qxb7# {Hossa checkmated} 1-0

[Event "ICS rated standard match"]
[Site "204.178.125.65"]
[Date "2000.07.07"]
[Round "?"]
[White "Hossa"]
[Black "Amy"]
[Result "1/2-1/2"]
[WhiteElo "2321"]
[BlackElo "2474"]
[PlyCount "175"]
[EventDate "2000.??.??"]

1. d4 Nf6 2. c4 e6 3. Nf3 c5 4. g3 cxd4 5. Nxd4 Bb4+ 6. Bd2 Be7 7. Bg2 Nc6 8.
Bf4 O-O 9. O-O Nxd4 10. Qxd4 d6 11. Bd2 e5 12. Qd3 Be6 13. Nc3 Rc8 14. b3 Qd7
15. Ne4 Nxe4 16. Bxe4 f5 17. Bd5 e4 18. Bxe6+ Qxe6 19. Qe3 b6 20. Bb4 Rc6 21.
Qd2 Rfc8 22. Rfd1 Bf6 23. Rac1 Kf7 24. Qf4 Be5 25. Qg5 a6 26. Rb1 b5 27. cxb5
axb5 28. a4 bxa4 29. bxa4 h6 30. Qh5+ Kg8 31. Be1 Rc2 32. Rb7 f4 33. gxf4 Bxf4
34. e3 R2c5 35. Qh4 Rg5+ 36. Kh1 Qc4 37. Qh3 Rh5 38. Rxg7+ Kxg7 39. Bc3+ Qxc3
40. Qxh5 Bg5 41. h4 Bf6 42. Rg1+ Kf8 43. Qxh6+ Ke7 44. Qh7+ Ke6 45. Qxe4+ Qe5
46. Rg4 Rh8 47. Qf3 Qd5 48. Re4+ Be5 49. Kg2 Rg8+ 50. Kh3 Rg1 51. h5 Qd3 52.
Kh4 Qb1 53. a5 Qa1 54. Qf8 Qxa5 55. Qe8+ Kd5 56. Rg4 Rc1 57. Kg5 Qa6 58. Qf7+
Kc6 59. h6 Qd3 60. h7 Qc3 61. f4 Bh8 62. Rg3 Qb2 63. e4 Rc5+ 64. f5 Be5 65. Kg6
Qh2 66. Qe8+ Kc7 67. Rg4 Qh3 68. Rg1 Qh4 69. Qf7+ Kb6 70. Rb1+ Rb5 71. Rxb5+
Kxb5 72. Qb3+ Kc5 73. Qd5+ Kb4 74. Qd2+ Kc4 75. Qe2+ Kd4 76. Qd2+ Kxe4 77. Qc2+
Ke3 78. Qc1+ Kd4 79. Qa1+ Kd3 80. Qd1+ Ke4 81. Qc2+ Kd5 82. Qa2+ Kc6 83. Qa6+
Kd5 84. Qa8+ Kc5 85. Qa5+ Kc6 86. Qa6+ Kc5 87. Qa5+ Kc6 88. Qa6+ 1/2-1/2

[Event "ICS rated standard match"]
[Site "204.178.125.65"]
[Date "2000.07.07"]
[Round "?"]
[White "Esen"]
[Black "Hossa"]
[Result "0-1"]
[WhiteElo "1914"]
[BlackElo "2331"]
[PlyCount "93"]
[EventDate "2000.??.??"]

1. Nf3 Nf6 2. g3 d5 3. c4 dxc4 4. Qa4+ Nc6 5. Qxc4 Be6 6. Qc2 Bd5 7. Bg2 Nd4 8.
Qd1 Nxf3+ 9. Bxf3 Bxf3 10. exf3 Qd3 11. Qe2 Qd7 12. O-O O-O-O 13. Nc3 h5 14. h4
Qh3 15. d3 Kb8 16. Bf4 Ne8 17. Rfd1 f6 18. d4 e6 19. Qf1 Qxf1+ 20. Kxf1 Bd6 21.
Be3 c6 22. f4 b6 23. Rac1 Bb4 24. Ne4 Kb7 25. a3 Be7 26. Ke2 Nd6 27. Nxd6+ Rxd6
28. Rc2 Rhd8 29. Rcd2 Ka6 30. Rd3 R6d7 31. f3 Bf8 32. Bf2 Kb5 33. Be3 g6 34.
Bf2 Rd5 35. Be3 R8d7 36. Bf2 Ka4 37. Be3 Rd8 38. Bf2 R5d7 39. Be3 Bg7 40. Bf2
f5 41. Be3 Rd5 42. Bf2 Bf6 43. b4 a5 44. bxa5 Kxa5 45. Be3 R5d6 46. Bd2+ Ka4
47. Bb4 {Esen resigns} 0-1

[Event "ICS rated blitz match"]
[Site "204.178.125.65"]
[Date "2000.07.07"]
[Round "?"]
[White "Hossa"]
[Black "iccjunkie"]
[Result "1-0"]
[WhiteElo "2512"]
[BlackElo "2743"]
[PlyCount "45"]
[EventDate "2000.??.??"]

1. Nf3 d5 2. d4 Qd6 3. g3 Bf5 4. Bg2 Nc6 5. Nh4 Bg4 6. O-O O-O-O 7. h3 Be6 8.
b4 Nxb4 9. a3 Nc6 10. Nf3 f5 11. Bf4 Ne5 12. Nxe5 Qb6 13. Nc3 Qa5 14. Qd2 Rd6
15. Nd3 Rc6 16. Nb4 Rc4 17. Bxd5 Bxd5 18. Ncxd5 Rxb4 19. Nxb4 e5 20. dxe5 Bxb4
21. axb4 Qb6 22. Rfd1 Qxb4 23. Qd8# 1-0

[Event "ICS rated blitz match"]
[Site "204.178.125.65"]
[Date "2000.07.07"]
[Round "?"]
[White "Dorky"]
[Black "Hossa"]
[Result "0-1"]
[WhiteElo "2121"]
[BlackElo "2537"]
[PlyCount "160"]
[EventDate "2000.??.??"]

1. d4 Nf6 2. c4 e6 3. Nf3 c5 4. Nc3 cxd4 5. Nxd4 Bb4 6. Qb3 Na6 7. e3 Ne4 8.
Be2 Bxc3+ 9. bxc3 d6 10. O-O O-O 11. f3 Nac5 12. Qa3 Nf6 13. e4 b6 14. Nb5 Qe7
15. Bg5 a6 16. Rad1 Rd8 17. Bxf6 gxf6 18. Nd4 Bd7 19. Rb1 Rab8 20. Nb3 Na4 21.
Nd4 f5 22. exf5 e5 23. Nc2 Qg5 24. Rbd1 Nc5 25. Rxd6 Bxf5 26. Rxd8+ Rxd8 27.
Nb4 Qe3+ 28. Rf2 Bd3 29. Nd5 Rxd5 30. cxd5 Bxe2 31. Qb2 Qxf2+ 32. Kxf2 Nd3+ 33.
Kxe2 Nxb2 34. Ke3 f5 35. f4 e4 36. Kd4 h5 37. c4 h4 38. d6 Kf7 39. a4 Nxa4 40.
d7 Ke7 41. g3 h3 42. d8=Q+ Kxd8 43. Ke3 Nb2 44. Kd4 e3 45. Kxe3 Nxc4+ 46. Ke2
b5 47. Kd3 Ke7 48. Kc3 a5 49. Kd4 Kd6 50. Kd3 Kd5 51. Kc3 Ne3 52. Kd2 Nf1+ 53.
Ke2 Nxh2 54. g4 Nxg4 55. Kf3 h2 56. Kg2 a4 57. Kh1 b4 58. Kg2 a3 59. Kg3 a2 60.
Kf3 b3 61. Ke2 Nf6 62. Kf2 b2 63. Kg2 h1=Q+ 64. Kxh1 Nh5 65. Kg2 Nxf4+ 66. Kf3
Kd4 67. Kxf4 b1=B 68. Kg5 Kc3 69. Kf6 Kb2 70. Kg6 Ka1 71. Kh5 Bc2 72. Kg5 Bd1
73. Kxf5 Bc2+ 74. Ke5 Kb1 75. Kf4 a1=Q 76. Kf3 Qe5 77. Kf2 Qf4+ 78. Ke2 Kc1 79.
Ke1 Qg3+ 80. Ke2 Bd3# {Dorky checkmated} 0-1

[Event "ICS rated blitz match"]
[Site "204.178.125.65"]
[Date "2000.07.07"]
[Round "?"]
[White "Hossa"]
[Black "Dorky"]
[Result "1-0"]
[WhiteElo "2540"]
[BlackElo "2118"]
[PlyCount "79"]
[EventDate "2000.??.??"]

1. Nf3 g6 2. g3 d5 3. d3 Nc6 4. Bg2 e5 5. O-O Nf6 6. c4 d4 7. e3 Bc5 8. exd4
exd4 9. Re1+ Kf8 10. Ne5 Nxe5 11. Rxe5 Bd6 12. Bh6+ Kg8 13. Re1 Rb8 14. Qa4 a6
15. Nd2 Bd7 16. Qa5 Bf5 17. Ne4 Nxe4 18. dxe4 Be6 19. c5 b6 20. Qxa6 Bxc5 21.
Qd3 b5 22. Red1 Bc4 23. Qd2 Qe7 24. b3 Be6 25. b4 Bb6 26. Rac1 f6 27. Re1 Ra8
28. Rc2 Ra4 29. Rb2 c5 30. bxc5 Qxc5 31. Rc1 Bc4 32. Bh3 Qe5 33. Rxc4 Rxc4 34.
Rxb5 Qd6 35. Qb2 f5 36. Rxb6 Qd8 37. Qb3 Qc8 38. Rf6 Qc5 39. Qxc4+ Qxc4 40.
Rf8# {Dorky checkmated} 1-0

[Event "ICS rated blitz match"]
[Site "204.178.125.65"]
[Date "2000.07.07"]
[Round "?"]
[White "Dorky"]
[Black "Hossa"]
[Result "0-1"]
[WhiteElo "2115"]
[BlackElo "2543"]
[PlyCount "144"]
[EventDate "2000.??.??"]

1. Nf3 Nf6 2. c4 d6 3. d4 h5 4. Nc3 Rg8 5. e4 g6 6. Bf4 Bg7 7. Bd3 Nh7 8. O-O
Bg4 9. e5 h4 10. h3 Bxf3 11. Qxf3 Nc6 12. e6 Bxd4 13. exf7+ Kxf7 14. Be5+ Nf6
15. Bxd4 Nxd4 16. Qf4 e5 17. Qxh4 g5 18. Qg3 Nh5 19. Qe3 Nf4 20. Bh7 Rf8 21.
Rac1 Qf6 22. Be4 c6 23. Rfe1 Kg8 24. Qg3 Nh5 25. Qe3 Rae8 26. Rcd1 Nf4 27. Qg3
Qh6 28. Qg4 Qh4 29. f3 Qxg4 30. hxg4 Rd8 31. g3 Nfe6 32. Rf1 Nc5 33. Kg2 b5 34.
b4 Nxe4 35. Nxe4 bxc4 36. Rf2 Rf7 37. Nxg5 Rb7 38. a3 d5 39. Kg1 c3 40. Rc1 c2
41. f4 e4 42. Re1 e3 43. Rff1 e2 44. Rf2 Re7 45. f5 Nb3 46. Nf3 c1=Q 47. Rxc1
Nxc1 48. Ne1 Re3 49. Rf3 Rxf3 50. Nxf3 Nd3 51. Ne1 Nxe1 52. Kf2 Nd3+ 53. Kxe2
Nxb4 54. axb4 Rb8 55. b5 Rxb5 56. Ke3 Rb4 57. Kf3 c5 58. Kg2 a5 59. g5 a4 60.
Kh1 Rg4 61. Kg2 Rxg5 62. g4 Rxg4+ 63. Kf3 Re4 64. Kf2 a3 65. Kg1 a2 66. Kh2 Kg7
67. Kg2 Kf6 68. Kf3 Kxf5 69. Kg3 a1=Q 70. Kg2 Qb2+ 71. Kh3 Re3+ 72. Kh4 Qh2# {
Dorky checkmated} 0-1

[Event "ICS Rated standard match"]
[Site "204.178.125.65"]
[Date "2000.07.07"]
[Round "?"]
[White "Hossa"]
[Black "JZInsomniac"]
[Result "0-1"]
[WhiteElo "2334"]
[BlackElo "2590"]
[PlyCount "116"]
[EventDate "2000.??.??"]

1. Nf3 d5 2. d4 Nf6 3. c4 e6 4. Nc3 c6 5. g3 dxc4 6. Bg2 Nbd7 7. O-O b5 8. Qc2
Be7 9. a3 O-O 10. e4 a5 11. Bf4 Ba6 12. Rfd1 b4 13. Na4 Bb5 14. Nc5 b3 15. Qb1
Bxc5 16. dxc5 c3 17. bxc3 a4 18. Bd6 Be2 19. Rd4 Re8 20. e5 Bxf3 21. Bxf3 Nd5
22. Rh4 h6 23. c4 Ne7 24. Rd4 Nf5 25. Rd1 Ra6 26. Qd3 Qa8 27. Be4 Qa7 28. Bxf5
exf5 29. Qxf5 Nxc5 30. Qf4 Ne6 31. Qe4 Qb6 32. Rd2 Ra7 33. Rad1 Rd7 34. Qf5 c5
35. Rd5 Rb7 36. Qf3 Qc6 37. Qg4 b2 38. Rb1 Rb3 39. f4 Qb7 40. f5 Nd4 41. f6 g6
42. Rxd4 cxd4 43. Qxd4 Qf3 44. Qd2 Re3 45. Qf2 Qe4 46. Qxb2 Re2 47. Qxe2 Qxe2
48. Rf1 Qxc4 49. h4 Qd3 50. Kg2 Rc8 51. Rf2 Rc1 52. Kh2 Qd5 53. Rg2 Qd1 54. Kh3
g5 55. g4 Qf3+ 56. Kh2 Qf4+ 57. Rg3 Qf2+ 58. Kh3 Rh1# {Hossa checkmated} 0-1

[Event "ICS Rated blitz match"]
[Site "204.178.125.65"]
[Date "2000.07.07"]
[Round "?"]
[White "Hossa"]
[Black "Lurens-King"]
[Result "1-0"]
[WhiteElo "2546"]
[BlackElo "2057"]
[PlyCount "67"]
[EventDate "2000.??.??"]

1. e4 e6 2. d4 d5 3. Nc3 Bb4 4. e5 Ne7 5. a3 Bxc3+ 6. bxc3 c5 7. Qg4 Nbc6 8.
Qxg7 Rg8 9. Qxh7 cxd4 10. cxd4 Nxd4 11. Qd3 Nef5 12. Bb2 Qa5+ 13. Bc3 Qa4 14.
Bxd4 Nxd4 15. O-O-O Nc6 16. Nf3 Bd7 17. Qc3 Rc8 18. Qb2 Na5 19. Kb1 Nc4 20.
Bxc4 Qxc4 21. Rd4 Qc7 22. g3 a6 23. h4 Bb5 24. Ng5 Qxe5 25. Nxf7 Kxf7 26. Rf4+
Qxf4 27. gxf4 Rc4 28. f5 Rgc8 29. fxe6+ Kxe6 30. Qg7 R8c7 31. Re1+ Kd6 32. Qf8+
Kc6 33. Re6+ Kd7 34. Rd6# 1-0